| 000 | 00515ntaaa2200181 4500 | ||
|---|---|---|---|
| 003 | 01 | ||
| 005 | 20251027203123.0 | ||
| 008 | 0714s1973 ag 01 | ||
| 040 |
_aAR-BaBN _bspa _cAR-BaBN _eaacr _dRIC |
||
| 082 | _a282.0000 | ||
| 245 | _aCatólicos sociales pensamos así | ||
| 250 |
_a1 ed. : _bSecretariado Diocesano de Public. y Propagenda, _c1939 |
||
| 300 | _a40 p | ||
| 500 | _a"Declaraciones de principios económico-social-cristianos" | ||
| 650 |
_aautor _923984 |
||
| 650 |
_acatolicismo _9316 |
||
| 942 | _cBK | ||
| 999 |
_c26671 _d26671 |
||